La caída de Bizancio /

Guardado en:
Autor Principal: Weber
Formato: Deslizar
Series:La tradición de Occidente
Materias:
Etiquetas: Agregar Etiqueta
Sin Etiquetas, Sea el primero en etiquetar este registro!
LEADER 01100ngm a22003135g 4500
001 CEM.cems022196
008 130507b1996##################0###0#####d
005 20241009170941.0
245 1 0 |a La caída de Bizancio /  |c Weber. 
300 |a 25'. 
490 0 |a La tradición de Occidente 
500 |a En soporte VHS, consultar en ventanilla. 
505 0 |a Unidad Iglesia-Estado. Conversión de aliados. División política. Disputas teológicas. Monoficitas. S.VII Mohamed: el islamismo. El Corán. Unidad de Arabia. Conquistas de los árabes. Cultura árabe. Iconoclastas. Etc. 
538 |a Soporte: VHS - Norma: Pal N - Color - Grabación DRD 1996 - Hitachi=1384 
100 1 |a Weber 
082 9 4 |/ WEB 
653 |a HISTORIA ANTIGUA 
653 |a BIZANCIO 
653 |a IMPERIO BIZANTINO 
653 |a MONOFICITAS 
653 |a ISLAMISMO 
653 |a CORAN 
653 |a ARABES 
653 |a MUSULMANES 
653 |a ICONOCLASTAS 
653 |a BARBAROS 
653 |a NIVEL PRIMARIO 
653 |a NIVEL SECUNDARIO 
859 |a CEMS  |b BIB. CEMS - Depto. Recursos Didacticos  |h 940  |i WEB  |k DRD  |p 839.12  |t Ej.1